000 00752nam a22001935i 4500
001 159925
003 ES-MaACL
005 20260304173616.0
008 040914q1890 fr |||| | fre d
080 _a771.3
245 0 0 _aTableaux sur verre pour l'enseignement par les projections d'après les ouvrages de la Librairie Ch. Delagrave :
_bcatalogue nº 70.
260 _aParis :
_bA. Molteni,
_c[ca. 1890] (
_eTours :
_fImp. Deslis frères)
300 _a16 p. ;
_c23 cm.
650 4 _aFotografía-
_xMaterial y equipo
_912958
650 4 _aFotografía-
_vCatálogos.
_9174743
700 1 _aMolteni, Alfred,
_d1837-1907
_9174737
852 4 _aES-MaACL
_jT-1103-F-11
_z- Enc. hol.
_z- Enc. en un vol. facticio
999 _c159925
_d159925